101 ideas living rooms

Bibliographic Details
Main Author: Bodoano, Bridget
Other Authors: Main, Ray
Format: Book
Published: London : Quadrille , 2004
Subjects:

MARC

LEADER 00000cam a2200000 7i4500
001 0000021226
005 20080304.0
008 071205
020 |a 1844000907 
040 |a INS 
090 0 0 |a NK2117.L5   |b B63 2004 
100 1 |a Bodoano, Bridget 
245 1 0 |a 101 ideas living rooms   |c Bridget Bodoano   |f photography by Ray Main 
260 |a London :   |b Quadrille ,   |c 2004 
300 |a 120p. :   |b ill.col. ;   |c 23cm. 
500 |a Include index 
650 0 0 |a Interior decorations 
650 0 0 |a Living rooms 
700 0 |a Main, Ray 
999 |a 0000019696   |b BOOK   |c Open Shelf   |e Default branch